| 000 | 01170nam a2200277 4500 | ||
|---|---|---|---|
| 003 | OSt | ||
| 005 | 20260601171012.0 | ||
| 008 | 260420b2007\\\\sp\a||||\||||\00|\0\spa\d | ||
| 020 | _a9788483223215 | ||
| 040 |
_aICI _bspa _cICI |
||
| 050 | 4 |
_aHD69.P75 _bN6518 |
|
| 100 | 1 |
_aNokes, Sebastian, _eautor _933264 |
|
| 240 | 1 |
_aThe definitive guide to project management _lEspañol |
|
| 245 | 1 |
_aLa guía definitiva de la gestión de proyectos : |b la vía rápida de todo ejecutivo para cumplir a tiempo y dentro del presupuesto / _cNokes y Greenwood ; traducción, Yago Moreno López |
|
| 264 |
_aMadrid ; |a México : _bFinancial Times/Prentice Hall, _c2007 |
||
| 300 |
_axv, 242 páginas: _b ilustraciones |
||
| 336 |
_2rdacontent _atexto |
||
| 337 |
_2rdamedia _asin medio |
||
| 338 |
_2rdacarrier _avolumen |
||
| 500 | _aTraducción de: The definitive guide to project management : the fast track to getting the job done on time and on budget | ||
| 650 | 4 |
_aAdministración de proyectos _vManuales _933265 |
|
| 700 | 1 |
_aNokes, Sebastian _933264 |
|
| 700 | 1 |
_aGreenwood, Alan, _eautor _933266 |
|
| 700 | 1 |
_aMoreno López, Yago, _etraductor _933267 |
|
| 942 |
_2lcc _n0 _cB |
||
| 999 |
_c20539 _d20539 |
||